| 000 | 00574nam a2200181 i 4500 | ||
|---|---|---|---|
| 001 | 156228 | ||
| 003 | ES-MaACL | ||
| 005 | 20250926063059.0 | ||
| 008 | 931025s1891 xxkf |||| | eng d | ||
| 100 | 1 |
_aJames, William, _d1842-1910 _965978 |
|
| 245 | 1 | 4 |
_aThe principles of psychology / _cby William James. |
| 260 |
_aLondon : _bMacmillan and Co., _c[s.a.] |
||
| 300 |
_a2 v. : _bil. ; _c23 cm. |
||
| 596 | 1 | _aFecha tomada del N. U. C.: 1891. | |
| 650 | 0 | 7 |
_aPsicologĂa _2embne _916540 |
| 852 |
_aES-MaACL _jG-11742-43 _z-- Enc. tela |
||
| 999 |
_c156228 _d156228 |
||